| 000 | 00333nam a22001457a 4500 | ||
|---|---|---|---|
| 020 | _qPB. | ||
| 040 | _cFIZZA ISHAQ | ||
| 082 |
_a004.36 _bSUK |
||
| 100 |
_aGHOSH,SUKUMAR. _989441 |
||
| 245 |
_aDISTRIBUTED SYSTEMS / _cSUKUMAR GHOSH. |
||
| 250 | _a2nd ED. | ||
| 260 |
_aCRC PRESS ; _c2015. |
||
| 300 | _a526 P. ; | ||
| 942 |
_2ddc _cBK |
||
| 999 |
_c588174 _d588174 |
||